| 000 | 00328nam a2200133 a 4500 | ||
|---|---|---|---|
| 001 | 4332 | ||
| 003 | CDMR | ||
| 005 | 20130327113902.0 | ||
| 008 | 130130s1963||||||||||||||||||||||||||||d | ||
| 040 |
_aCDMR _bcat _cCDMR |
||
| 245 | 0 | 0 |
_aDuden espaƱol _b: diccionario por la imagen |
| 260 |
_aBarcelona _c1963 _bJuventud |
||
| 942 |
_cMON _2udc |
||
| 999 |
_c4332 _d4332 |
||